[Event "TCh-SCG Men"]
[Site "Budva SCG"]
[Date "2004.09.18"]
[Round "10"]
[White "Nikcevic,N"]
[Black "Kostic,Vl"]
[Result "0-1"]
[WhiteElo "2454"]
[BlackElo "2390"]

1.d4 Nf6 2.Nf3 e6 3.c4 b6 4.Nc3 Bb7 5.e3 Bb4 6.Bd3 O-O 7.O-O d5 8.cxd5 exd5
9.a3 Bd6 10.b4 Nbd7 11.Qb3 Re8 12.a4 c6 13.Re1 Ne4 14.b5 c5 15.Nxd5 cxd4
16.exd4 Ndf6 17.Ne3 Bf4 18.Nc4 Bc7 19.Bb2 Qd5 20.Ncd2 Bxh2+ 21.Nxh2 Nxd2
22.Qxd5 Bxd5 23.Rxe8+ Rxe8 24.Nf1 Nxf1 25.Kxf1 Be4 26.Bxe4 Nxe4 27.Rc1 h5
28.d5 Rd8 29.Rd1 f6 30.Rd4 Nd6 31.Ba3 Nf5 32.Rd3 Kf7 33.Ke2 Rd7 34.g3 g5
35.Kf3 Rd8 36.Bb4 h4 37.g4 Nh6 38.d6 Rd7 39.Re3 f5 40.gxf5 Nxf5 41.Rd3 Nh6
42.Ke4 Ke6 43.Rd5 Nf7 44.Rd1 Nxd6+ 45.Kf3 Nf7 46.Rxd7 Kxd7 47.Kg4 Ne5+ 48.Kh3 Nd3
49.Bc3 Nxf2+ 50.Kh2 Ne4 51.Be5 g4 52.Bb8 Kc8 53.Be5 Kb7 54.Bd4 a5  0-1

[Event "1st Central League"]
[Site "Vrnjacka Banja SCG"]
[Date "2004.09.25"]
[Round "1"]
[White "Draskovic,D"]
[Black "Vojinovic,G"]
[Result "0-1"]
[WhiteElo "2160"]
[BlackElo "2432"]

1.d4 Nf6 2.c4 e6 3.Nf3 b6 4.Nc3 Bb4 5.Bg5 Bb7 6.e3 h6 7.Bxf6 Qxf6 8.Be2 Bxc3+
9.bxc3 O-O 10.O-O d6 11.Qc2 c5 12.Rab1 Nc6 13.a3 Na5 14.e4 Rac8 15.d5 Ba6
16.Nd2 exd5 17.exd5 Rce8 18.Bd3 Re5 19.Rfe1 Rfe8 20.Rxe5 Qxe5 21.h3 Re7 22.Rc1 g6
23.Qd1 Kg7 24.Qg4 f5 25.Qf3 Bc8 26.g3 Bd7 27.h4 Qf6 28.Kg2 Nb7 29.Qf4 Qe5
30.Nf3 Qxf4 31.gxf4 Kf6 32.Re1 Rxe1 33.Nxe1 Ba4 34.Nf3 Bd1 35.Nd2 Nd8 36.Nf1 Ba4
37.Ne3 Bd7 38.Kf3 Nf7 39.Nf1 a6 40.Ke3 Nd8 41.Nd2 Nb7 42.Nf3 Ba4 43.Be2 Na5
44.Nd2 Nb7 45.Bd3 Nd8 46.Nf1 Nf7 47.Ng3 Bd7 48.Be2 Ba4 49.Bd3 Bd1 50.f3 Ba4
51.h5 Bd7 52.hxg6 Kxg6 53.Kf2 Nd8 54.Nf1 Kf6 55.Ne3 Nf7 56.Kg3 Nh8 57.Ng2 Ng6
58.Nh4 Ne7 59.Ng2 b5 60.Ne3 Nc8 61.cxb5 axb5 62.c4 b4 63.axb4 cxb4 64.Kf2 Nb6
65.Ke2 Na4 66.Kd2 Nc5 67.Bc2 h5 68.Ng2 Ba4 69.Bb1 Bb3 70.Ne3 Nb7 71.Bxf5 Bxc4
72.Be6 Ba2 73.Nc2 b3 74.Nd4 b2  0-1

[Event "Tatry Open"]
[Site "Tatranske Zruby SVK"]
[Date "2004.09.26"]
[Round "2"]
[White "Papan,C"]
[Black "Smolen,J"]
[Result "0-1"]
[WhiteElo "2114"]
[BlackElo "2306"]

1.d4 e6 2.c4 Nf6 3.Nf3 b6 4.Nc3 Bb7 5.g3 Bb4 6.Bd2 O-O 7.Bg2 c5 8.O-O cxd4
9.Nxd4 Bxg2 10.Kxg2 Qc8 11.b3 Bxc3 12.Bxc3 d5 13.Bb4 Rd8 14.Be7 Rd7 15.Bxf6 gxf6
16.e3 dxc4 17.Qf3 Qb7 18.Rfc1 Qxf3+ 19.Kxf3 Rc7 20.Rc3 Nd7 21.Ke2 Rac8 22.Nb5 Rc5
23.a4 cxb3 24.Rxb3 Rc2+ 25.Kf1 Nc5 26.Rc3 Rxc3 27.Nxc3 Nb3  0-1

[Event "GM Classic"]
[Site "Gausdal NOR"]
[Date "2004.09.28"]
[Round "6"]
[White "Tallaksen,G"]
[Black "Sammalvuo,T"]
[Result "0-1"]
[WhiteElo "2350"]
[BlackElo "2445"]

1.d4 Nf6 2.c4 e6 3.Nf3 b6 4.Nc3 Bb4 5.Bg5 Bb7 6.e3 h6 7.Bh4 g5 8.Bg3 Ne4
9.Qc2 Bxc3+ 10.bxc3 d6 11.Bd3 f5 12.d5 Nd7 13.Bxe4 fxe4 14.Qxe4 Qf6 15.Qxe6+ Qxe6
16.dxe6 Nc5 17.h4 Ke7 18.Rh2 Ne4 19.Nd4 Ba6 20.Nb5 Bxb5 21.cxb5 a6 22.c4 Kxe6
23.a4 Kf5 24.Ke2 axb5 25.cxb5 g4 26.h5 Ra7 27.Bf4 Nc3+ 28.Kd2 Nd5 29.Bg3 Re8
30.Ra3 Rea8 31.f3 Nf6 32.Rc3 Ke6 33.Rc4 Rxa4 34.Rxc7 Nd5 35.Rc2 Ra3 36.e4 Ne3
37.Rc1 R8a4 38.Ke1 Rb3 39.Bf2 Ra2 40.f4 g3 41.Bxg3 Ng4 42.f5+ Kd7 43.Rh3 Rxg2
44.Rc7+ Kxc7 45.Bxd6+ Kxd6 46.Rxb3 Ke5 47.Rc3 Kxe4 48.Rc6 Ne3  0-1

[Event "Monarch Assurance"]
[Site "Port Erin IOM"]
[Date "2004.09.29"]
[Round "5"]
[White "Peek,Mar"]
[Black "Iordachescu,V"]
[Result "1/2-1/2"]
[WhiteElo "2406"]
[BlackElo "2633"]

1.d4 Nf6 2.c4 e6 3.Nf3 b6 4.Nc3 Bb4 5.Bg5 Bb7 6.e3 h6 7.Bh4 c5 8.a3 Bxc3+
9.bxc3 d6 10.Bd3 Nbd7 11.O-O Qe7 12.Nd2 g5 13.Bg3 h5 14.h4 Rg8 15.f3 gxh4
16.Bxh4 Qf8 17.Qa4 Qg7 18.Rf2 Ng4 19.fxg4 Qxg4 20.d5 Qxh4 21.Ne4 O-O-O 22.Nxd6+ Kb8
23.Nxb7 Kxb7 24.Qc6+ Ka6 25.Qb5+ Kb7 26.Qc6+  1/2-1/2

[Event "Premier League"]
[Site "Belgrade SCG"]
[Date "2004.10.03"]
[Round "9"]
[White "Marcetic,N"]
[Black "Milanovic,Da"]
[Result "1-0"]
[WhiteElo "2401"]
[BlackElo "2428"]

1.d4 Nf6 2.Nf3 e6 3.c4 b6 4.Nc3 Bb4 5.Qb3 c5 6.dxc5 bxc5 7.a3 Ba5 8.Bf4 Nc6
9.O-O-O O-O 10.e3 Qb6 11.Qxb6 axb6 12.Nb5 Ne4 13.Bg3 Nxg3 14.hxg3 h6 15.Be2 Rd8
16.Nd6 Ba6 17.g4 f6 18.Rh5 Na7 19.e4 Nc8 20.e5 Nxd6 21.Rxd6 Kf7 22.exf6 Kxf6
23.g5+ Ke7 24.Rd1 hxg5 25.Rxg5 Kf6 26.Bd3 Rg8 27.Bh7 Bxc4 28.Rxd7 g6 29.Bxg8 Rxg8
30.Rg4  1-0

[Event "FSGM October"]
[Site "Budapest HUN"]
[Date "2004.10.03"]
[Round "2"]
[White "Erdos,V"]
[Black "Nyysti,S"]
[Result "1/2-1/2"]
[WhiteElo "2454"]
[BlackElo "2358"]

1.d4 Nf6 2.c4 e6 3.Nf3 b6 4.Nc3 Bb4 5.Bg5 Bb7 6.Qc2 h6 7.Bh4 g5 8.Bg3 Ne4
9.Be5 Bxc3+ 10.bxc3 f6 11.Nd2 fxe5 12.Nxe4 exd4 13.cxd4 Qe7 14.a3 Nc6 15.e3 O-O-O
16.c5 Kb8 17.Bd3 d5 18.cxd6 cxd6 19.O-O d5 20.Nd2 e5 21.Nb3 Rc8 22.Qd2 Rhf8
23.Bb5  1/2-1/2

[Event "XI Bela Papp Mem"]
[Site "Torokbalint HUN"]
[Date "2004.10.21"]
[Round "6"]
[White "Werner,Di"]
[Black "Papp,Ga"]
[Result "0-1"]
[WhiteElo "2301"]
[BlackElo "2467"]

1.d4 Nf6 2.Nf3 e6 3.c4 b6 4.Nc3 Bb7 5.a3 d5 6.cxd5 Nxd5 7.Qc2 Be7 8.e4 Nxc3
9.bxc3 c5 10.Bd3 Qc7 11.Ra2 Nd7 12.O-O O-O 13.Qe2 c4 14.Bb1 b5 15.e5 Qc6
16.Qc2 f5 17.Qd1 Nb6 18.Ne1 Nd5 19.Rc2 a5 20.Ba2 Ba6 21.Qf3 Rac8 22.h4 b4
23.cxb4 axb4 24.Bg5 Bxg5 25.hxg5 Qa4 26.axb4 Nxb4 27.Bb1 Nxc2 28.Nxc2 Qb3
29.Qe2 Qd3 30.Qh5 g6 31.Qh6 c3 32.Re1 Qd2 33.d5 Qxd5 34.Ne3 Qxe5 35.Ba2 Bc4  0-1

[Event "4th Rohde Open"]
[Site "Sautron FRA"]
[Date "2004.10.31"]
[Round "9"]
[White "Schone,C"]
[Black "Jaulin,P"]
[Result "0-1"]
[WhiteElo "1966"]
[BlackElo "2141"]

1.d4 Nf6 2.c4 e6 3.Nf3 b6 4.Nc3 Bb4 5.e3 Bb7 6.Bd3 Ne4 7.Qc2 f5 8.Bd2 Nxd2
9.Nxd2 O-O 10.d5 Qf6 11.g4 Bxc3 12.bxc3 exd5 13.gxf5 dxc4 14.Bxc4+ d5 15.Bd3 c5
16.e4 c4 17.Be2 dxe4 18.Bxc4+ Kh8 19.O-O-O Nd7 20.Nb3 Rac8 21.Rxd7 Rxc4 22.Kb2 Bc8
23.Rxa7 Bxf5 24.Rc1 Bg6 25.Qe2 b5 26.Nd4 Rxd4 27.cxd4 Qxd4+  0-1

[Event "TCh-SLO"]
[Site "Celje SLO"]
[Date "2004.11.01"]
[Round "4"]
[White "Podkriznik,G"]
[Black "Gostisa,L"]
[Result "1/2-1/2"]
[WhiteElo "2373"]
[BlackElo "2422"]

1.d4 Nf6 2.c4 e6 3.Nf3 b6 4.Nc3 Bb7 5.Bg5 h6 6.Bh4 g5 7.Bg3 Nh5 8.e3 Nxg3
9.hxg3 Bg7 10.Bd3 Nc6 11.g4 Qe7 12.a3 O-O-O 13.Qa4 Kb8 14.O-O-O Qf8 15.Kb1 d6
16.Rc1 Ne7 17.Nb5 Nc8 18.d5 Qe8 19.Qc2 c6 20.dxc6 Bxc6 21.Be4 Bxb5 22.cxb5 d5
23.Qc7+ Ka8 24.Bd3 Ne7 25.Nd4 Rc8 26.Qd6 Qd8 27.Qxd8 Rhxd8 28.Nc6 Nxc6 29.bxc6 Rd6
30.Bb5 a6 31.Bxa6 Rcxc6 32.Rxc6 Rxc6 33.Rc1 Rxc1+ 34.Kxc1  1/2-1/2

[Event "8th OIBM"]
[Site "Bad Wiessee GER"]
[Date "2004.11.04"]
[Round "6"]
[White "Zenker,U"]
[Black "Jaracz,P"]
[Result "0-1"]
[WhiteElo "2294"]
[BlackElo "2531"]

1.d4 e6 2.c4 Nf6 3.Nf3 b6 4.Nc3 Bb4 5.Bg5 Bb7 6.Qc2 c5 7.d5 h6 8.Bh4 exd5
9.cxd5 O-O 10.O-O-O Qe7 11.e3 d6 12.Bxf6 Qxf6 13.Ne4 Qe7 14.g4 Nd7 15.g5 Rfe8
16.Ng3 hxg5 17.Qf5 g6 18.Qxg5 Qxg5 19.Nxg5 Nf6 20.Bg2 Kg7 21.h4 Re5 22.a3 Ba5
23.N5e4 Nxe4 24.Bxe4 Rae8 25.Bf3 b5 26.h5 Rh8 27.e4 Bd8 28.Rdg1 Bc8 29.Kc2 Bd7
30.Bd1 Bg5 31.Ne2 Bf6 32.Ng3 Bg5 33.Ne2 Bh6 34.Rh4 g5 35.f3 f5 36.Nc3 Kh7
37.f4 gxf4 38.Rg6 fxe4 39.Rxd6 Bc8 40.Rc6 Rg8 41.Rxc5 Bf5 42.Kb3 f3 43.Rc7+ Kh8
44.d6 Rd8 45.d7 Bg5 46.Rh1 Rxd7 47.Rxd7 Bxd7 48.Re1 Be6+ 49.Kc2 Bf5 50.Kb3 Bd2
51.Rg1 Be6+ 52.Kc2 Bxc3 53.Kxc3 Bc4 54.b3 f2 55.Rh1 f1=Q 56.Rxf1 Bxf1  0-1

[Event "WYg14"]
[Site "Heraklio GRE"]
[Date "2004.11.06"]
[Round "4"]
[White "Guramishvili,S"]
[Black "Anjanaa,N"]
[Result "1-0"]
[WhiteElo "2132"]
[BlackElo "1957"]

1.d4 Nf6 2.c4 e6 3.Nf3 b6 4.Nc3 Bb4 5.Bg5 Bb7 6.Qc2 Bxc3+ 7.bxc3 d6 8.e3 Nbd7
9.Bd3 h6 10.Bh4 O-O 11.Bg3 Re8 12.Rd1 Qe7 13.Nh4 Rac8 14.O-O Kh8 15.Rde1 c5
16.d5 e5 17.Nf5 Qf8 18.e4 Ra8 19.f4 Nh5 20.Qa4 Red8 21.Bh4 f6 22.fxe5 dxe5
23.Bg3 Nxg3 24.Nxg3 Nb8 25.Re3 Bc8 26.Be2 Bd7 27.Qd1 Na6 28.Bg4 Nc7 29.Bxd7 Rxd7
30.Nf5 Ne8 31.Qg4 Rad8 32.Nh4 Qd6 33.Rh3 a6 34.Rff3 b5 35.cxb5 axb5 36.Rfg3 Nc7
37.Ng6+ Kh7 38.Nh4 Kh8 39.Qg6 Na6 40.Nf5 Qc7 41.Nxh6  1-0

[Event "Open"]
[Site "Calcutta IND"]
[Date "2004.11.10"]
[Round "3"]
[White "Dao Thien Hai"]
[Black "Romanishin,O"]
[Result "1/2-1/2"]
[WhiteElo "2601"]
[BlackElo "2543"]

1.d4 Nf6 2.c4 e6 3.Nf3 b6 4.Nc3 Bb7 5.Bg5 Be7 6.Rc1 h6 7.Bh4 O-O 8.e3 Ne4
9.Bxe7 Qxe7 10.Bd3 Nxc3 11.Rxc3 d6 12.c5 dxc5 13.dxc5 bxc5 14.O-O Nd7 15.e4 Rfd8
16.Qe2 Rab8 17.Rfc1 Ba8 18.h3 Rb4 19.b3 Qf6 20.Bb1 Bb7 21.Qe3 e5 22.Qe1 Rb6  1/2-1/2

[Event "Open"]
[Site "Calcutta IND"]
[Date "2004.11.10"]
[Round "3"]
[White "Arindam,M"]
[Black "Bakre,T"]
[Result "1/2-1/2"]
[WhiteElo "2318"]
[BlackElo "2491"]

1.d4 Nf6 2.c4 e6 3.Nf3 b6 4.Nc3 Bb7 5.Bg5 Be7 6.e3 O-O 7.Bd3 c5 8.e4 d5 9.cxd5 exd5
10.Bxf6 Bxf6 11.e5 Be7 12.h4 f5 13.Ne2 Nc6  1/2-1/2

[Event "British Rapidplay"]
[Site "Halifax ENG"]
[Date "2004.11.14"]
[Round "7"]
[White "Williams,Si"]
[Black "Gormally,D"]
[Result "0-1"]
[WhiteElo "2473"]
[BlackElo "2472"]

1.d4 Nf6 2.c4 e6 3.Nf3 b6 4.Nc3 Bb4 5.Bg5 Bb7 6.Nd2 h6 7.Bh4 Nc6 8.e3 Ne7
9.f3 Nf5 10.Bf2 c5 11.a3 cxd4 12.exd4 Be7 13.g4 Nxg4 14.fxg4 Bxh1 15.gxf5 exf5
16.Qh5 g6 17.Qh3 Bg5 18.O-O-O O-O 19.Bd3 Bb7 20.d5 Rc8 21.Kb1 Ba6 22.Nf3 Bxc4
23.Bxf5 gxf5 24.Bd4 f6 25.Qxf5 Qe7 26.h4 Qh7 27.Qxh7+ Kxh7 28.hxg5 hxg5 29.Re1 Kg6
30.a4 Rce8 31.Rg1 Rh8 32.Kc2 Rh3 33.Nd2 Bd3+ 34.Kb3 Rh2 35.Nf3 Rh3 36.Nd2 f5
37.Nc4 Bxc4+ 38.Kxc4 g4 39.d6 g3 40.Nd5 Kg5 41.Nf6 Re6 42.Nxd7 Rxd6 43.Ne5 Re6
44.Kd5 Re8 45.Nf7+ Kg4 46.Ne5+ Kh5 47.Nd7 Rd8 48.Ke6 Rxd7 49.Kxd7 f4 50.Be5 Kg4
51.b4 f3 52.Bd4 Rh2 53.a5 Rd2 54.Kc6 Rxd4 55.b5 f2  0-1

[Event "Acropolis IM Open"]
[Site "Athens GRE"]
[Date "2004.11.16"]
[Round "1"]
[White "Dobrov,V"]
[Black "Tziallilas,K"]
[Result "1-0"]
[WhiteElo "2487"]
[BlackElo "2142"]

1.d4 Nf6 2.c4 e6 3.Nf3 b6 4.Nc3 Bb7 5.a3 d5 6.cxd5 exd5 7.g3 Bd6 8.Qa4+ c6
9.Bg5 Nbd7 10.Bh3 Qc7 11.Rc1 a6 12.Bxd7+ Qxd7 13.Bxf6 gxf6 14.O-O f5 15.e3 h5
16.Qc2 h4 17.Na4 hxg3 18.fxg3 Qc7 19.Qxf5 Bxg3 20.Rc2 Bd6 21.Rg2 Bc8 22.Qf6 Rf8
23.Nxb6 Bxh2+ 24.Rxh2 Qxb6 25.Ne5 Be6 26.Qxe6+  1-0

[Event "Open"]
[Site "Calcutta IND"]
[Date "2004.11.17"]
[Round "11"]
[White "Murshed,N"]
[Black "Romanishin,O"]
[Result "0-1"]
[WhiteElo "2468"]
[BlackElo "2543"]

1.d4 Nf6 2.Nf3 e6 3.c4 b6 4.Nc3 Bb7 5.Bg5 Be7 6.Qc2 c5 7.e4 cxd4 8.Nxd4 Nc6
9.Nxc6 dxc6 10.Be2 e5 11.Rd1 Qc7 12.Bxf6 Bxf6 13.Bg4 O-O 14.Rd7 Qb8 15.Qd1 Bc8
16.Rd3 Bxg4 17.Qxg4 Rd8 18.Rf3 Qd6 19.O-O Qd7 20.Qg3 Qe6 21.b3 Rd4 22.Rd3 Be7
23.Qf3 Rad8 24.Rfd1 Bc5 25.Rxd4 Bxd4 26.g3 Rd6 27.Kg2 g6 28.Ne2 Qe7 29.Qd3 Bc5
30.Qc2 Qf6 31.f3 Qd8 32.Rxd6 Qxd6 33.Kh3 h5 34.Kg2 Qd7 35.h3 Qd8 36.Kf1 Qd6
37.Kg2 Qd7 38.h4 Qd8 39.Kf1 Qd7 40.Kg2 Qd6 41.Kh2 Be3 42.Kg2 Qa3 43.Qd3 Bd4
44.Nxd4 exd4 45.Qd2 Qc5 46.Kf1 Qd6 47.f4 d3 48.Ke1 Qd4  0-1

[Event "Petrosian Mem Open"]
[Site "Yerevan ARM"]
[Date "2004.11.19"]
[Round "1"]
[White "Anastasian,A"]
[Black "Hosseiniattar,S"]
[Result "1-0"]
[WhiteElo "2579"]
[BlackElo "2217"]

1.c4 Nf6 2.d4 e6 3.Nf3 b6 4.Nc3 Bb7 5.a3 d5 6.Bg5 Be7 7.Rc1 Nbd7 8.cxd5 exd5
9.g3 O-O 10.Bh3 c5 11.O-O a6 12.dxc5 bxc5 13.Na4 c4 14.Nd4 Ne4 15.Bxe7 Qxe7
16.Bxd7 Qxd7 17.Nb6 Qh3 18.Nxa8 Rxa8 19.Qe1 Re8 20.f3 Ng5 21.Qd2 Qh6 22.Rfd1 Qf6
23.Rc3 Qe5 24.b3 h5 25.Kg2 Ne6 26.e3 g5 27.Nxe6 Rxe6 28.Qd4 Qf5 29.bxc4 g4
30.cxd5 Qxf3+ 31.Kg1 Rf6 32.e4 Qe2 33.Rcc1 Rf3 34.Rd2 Qb5 35.Rb2 Qd7 36.Qe5 h4
37.Qb8+ Kh7 38.Rxb7 Qa4 39.Qe5 Qxa3 40.Qh5+ Kg7 41.Qxg4+  1-0

[Event "Petrosian Mem Open"]
[Site "Yerevan ARM"]
[Date "2004.11.19"]
[Round "1"]
[White "Guramishvili,S"]
[Black "Shanava,K"]
[Result "0-1"]
[WhiteElo "2132"]
[BlackElo "2456"]

1.d4 Nf6 2.c4 e6 3.Nf3 b6 4.Nc3 Bb4 5.Bg5 Bb7 6.Qc2 O-O 7.e3 h6 8.Bh4 c5
9.O-O-O cxd4 10.exd4 d6 11.Be2 Nbd7 12.Rhg1 Rc8 13.Nd2 Bxc3 14.bxc3 b5 15.g4 g5
16.Bg3 Nb6 17.h4 Nxc4 18.Bxc4 bxc4 19.hxg5 hxg5 20.Rde1 Bc6 21.f3 Qd7 22.Nxc4 Be4
23.fxe4 Rxc4 24.Re3 Rfc8 25.Be1 Rxd4 26.Rh1 Qa4 27.Qb2  0-1

[Event "TCh-AUT"]
[Site "Graz AUT"]
[Date "2004.11.20"]
[Round "2"]
[White "Karner,C"]
[Black "Hoelzl,F"]
[Result "0-1"]
[WhiteElo "2370"]
[BlackElo "2370"]

1.d4 Nf6 2.Nf3 b6 3.c4 e6 4.Nc3 Bb7 5.Bg5 Be7 6.Qc2 c5 7.dxc5 bxc5 8.e3 d6
9.Be2 Nbd7 10.O-O h6 11.Bh4 Qb6 12.Rfd1 g5 13.Bg3 Nh5 14.Bxd6 Bxd6 15.Qd2 g4
16.Ne1 Bxh2+ 17.Kxh2 Nhf6 18.Nb5 Ke7 19.Nd6 Rab8 20.e4 Rhd8 21.Qf4 Qxb2 22.Rab1 Qxe2
23.Rd2 g3+ 24.fxg3 Qh5+ 25.Kg1 Bc6 26.Rxb8 Rxb8 27.Nf5+ exf5 28.e5 Ne4  0-1

[Event "TCh-BEL 2004-5"]
[Site "Belgium BEL"]
[Date "2004.11.21"]
[Round "4"]
[White "Laurent,B"]
[Black "Roeder,M"]
[Result "0-1"]
[WhiteElo "2335"]
[BlackElo "2425"]

1.d4 Nf6 2.c4 e6 3.Nf3 b6 4.Nc3 Bb4 5.Bg5 h6 6.Bh4 Bb7 7.Nd2 Qe7 8.Qc2 Nc6
9.e3 d6 10.Be2 Bxc3 11.bxc3 g5 12.Bg3 O-O-O 13.h4 Nd7 14.O-O-O f5 15.Rh2 e5
16.d5 f4 17.dxc6 Bxc6 18.Bf3 fxg3 19.fxg3 e4 20.Nxe4 Ne5 21.Nd2 Nxf3 22.Nxf3 Qxe3+
23.Qd2 Qc5 24.Qd4 Qa3+ 25.Kb1 Rhe8 26.Rhh1 Re2 27.Rd2 Be4+ 28.Ka1 c5 29.Qf6 Bxf3
30.Rxe2 Bxe2 31.Qe6+ Kc7 32.Qxe2 Qxc3+ 33.Kb1 Qxg3 34.hxg5 Qxg5 35.Qe6 Rf8
36.g4 Qf6 37.Qe3 Qg6+ 38.Kb2 Re8 39.Qf3 Qe4  0-1

[Event "TCh-ISL 2004-5"]
[Site "Reykjavik ISL"]
[Date "2004.11.21"]
[Round "4"]
[White "Wallace,JP"]
[Black "Steindorsson,S"]
[Result "0-1"]
[WhiteElo "2410"]
[BlackElo "2227"]

1.d4 Nf6 2.c4 e6 3.Nf3 b6 4.Nc3 Bb7 5.a3 d5 6.Bg5 Be7 7.Qa4+ c6 8.Bxf6 Bxf6
9.cxd5 exd5 10.g3 O-O 11.Bg2 Na6 12.O-O c5 13.Rfd1 Qe8 14.Qc2 Qe6 15.h4 h6
16.Kh2 Rfd8 17.e3 Qe7 18.Rd2 Rac8 19.Rad1 Nc7 20.dxc5 bxc5 21.Ng1 Rb8 22.Na4 Bc6
23.Nxc5 Rxb2 24.Qc1 Rxd2 25.Rxd2 Nb5 26.Ne2 Ba8 27.a4 Nc3 28.Nxc3 Qxc5 29.Nxd5 Qxc1
30.Nxf6+ gxf6 31.Rxd8+ Kg7 32.Rxa8 Qc5 33.Kg1 Qa5 34.Bc6 Qe1+ 35.Kg2 Qc3
36.Bd5 Qa5 37.e4 f5 38.f3 Qd2+ 39.Kh3 Qd1  0-1

[Event "ch-CRO"]
[Site "Zagreb CRO"]
[Date "2004.11.22"]
[Round "7"]
[White "Jankovic,A"]
[Black "Saric,A"]
[Result "1/2-1/2"]
[WhiteElo "2477"]
[BlackElo "2437"]

1.d4 Nf6 2.Nf3 e6 3.c4 b6 4.Nc3 Bb7 5.a3 d5 6.Bg5 Be7 7.Bxf6 Bxf6 8.cxd5 exd5
9.Qb3 c6 10.e3 O-O 11.Rd1 Re8 12.Bd3 Na6 13.O-O Nc7 14.Bb1 Ne6 15.Ba2 g6
16.Rd2 Bg7 17.Rfd1 Ba6 18.Qa4 Bb7 19.Qb3 Ba6 20.Qa4  1/2-1/2

[Event "Petrosian Mem Open"]
[Site "Yerevan ARM"]
[Date "2004.11.23"]
[Round "5"]
[White "Anastasian,A"]
[Black "Shanava,K"]
[Result "1/2-1/2"]
[WhiteElo "2579"]
[BlackElo "2456"]

1.Nf3 Nf6 2.c4 e6 3.d4 b6 4.Nc3 Bb4 5.Qc2 Bb7 6.a3 Bxc3+ 7.Qxc3 O-O 8.g3 a5
9.Bg2 a4 10.O-O Be4 11.Bg5 d6 12.Rfd1 Nbd7 13.Rac1 Qb8 14.Bf1 Re8 15.Nd2 Bb7
16.f3 h6 17.Be3 e5 18.Bf2 Ra5 19.e4 exd4 20.Bxd4 Qa8 21.Be2 Qd8 22.Nf1 Qe7
23.Qe3 Nh7 24.Re1 Qf8 25.Bc3 Rc5 26.Qd4 f5 27.Ne3 fxe4 28.f4 Bc6 29.Bb4 Rf5
30.Bg4 Rf7 31.Bh5 Nhf6 32.Bxf7+ Qxf7 33.Re2 Nc5 34.Bxc5 bxc5 35.Qc3 Rb8 36.Qd2 Qh5
37.Rc3 Kh8 38.Rf2 Qh3 39.Qe2 h5 40.Qf1 Qe6 41.h3 Kg8 42.Kh2 Kf7 43.Re2 Bd7
44.Rd2 Bc6 45.Nd1 Qf5 46.Re3 Qh7 47.Nc3 Rh8 48.Kg1 Qf5 49.Nd1 Rb8 50.Rc3 Bd7
51.Kh2 Bc6 52.Ne3 Qe6 53.Qg2 Ba8 54.g4 hxg4 55.hxg4 Bc6 56.Qg3 Nd7 57.Qh4 Qf6
58.g5 Qe6 59.Rf2 Nf8 60.Qg3 Nd7 61.Kg1 Rh8 62.Rh2 Rxh2 63.Kxh2 Bb7 64.f5 Qe5
65.Qxe5 Nxe5 66.Kg3 Nd3 67.b4 cxb4 68.axb4 Nxb4 69.Nc2 Nd3 70.Nd4 Bc8 71.Ra3 Bd7
72.Nb5 Bxf5 73.Rxa4 Kg6 74.Ra7 c5 75.Nxd6 Kxg5 76.Rxg7+ Kf6 77.Rg8 Ke5 78.Nxf5 Kxf5
79.Rd8 Kf6 80.Rd5 Ke6  1/2-1/2

[Event "ch-CRO"]
[Site "Zagreb CRO"]
[Date "2004.11.23"]
[Round "8"]
[White "Jovanic,O"]
[Black "Saric,A"]
[Result "0-1"]
[WhiteElo "2475"]
[BlackElo "2437"]

1.d4 Nf6 2.Nf3 e6 3.c4 b6 4.Nc3 Bb4 5.Qb3 Qe7 6.a3 Bxc3+ 7.Qxc3 Ne4 8.Qc2 Bb7
9.e3 f5 10.Be2 Ng5 11.d5 O-O 12.Nxg5 Qxg5 13.Bf3 d6 14.g3 Nd7 15.Bg2 Qh5
16.O-O Ne5 17.f4 Ng4 18.Bf3 exd5 19.cxd5 Qf7 20.Bxg4 fxg4 21.e4 c6 22.dxc6 Rac8
23.Bd2 Bxc6 24.Qd3 d5 25.Qb3 dxe4 26.Qxf7+ Kxf7 27.Rac1 Rfd8 28.Be3 Rd3 29.Rfe1 Ke6
30.Kf2 Kd5 31.Re2 Rd8 32.Rec2 Rd6 33.Rc3 Rh6 34.Kg2 Bb7 35.Kg1 Rc6 36.Rxc6 Bxc6
37.Kf2 Bb5 38.Rc8 Rb3 39.Rd8+ Ke6 40.Rd2 g6 41.Rc2 Bd3 42.Rd2 Kd5 43.Ke1 Kc4
44.Kd1 a5 45.Ke1 b5 46.Kf2 a4 47.Bb6 b4 48.axb4 Rxb4 49.Bc7 Kb3 50.Be5 Rc4
51.Ke3 Rc1 52.Rf2 Rd1 53.Bg7 Bc2 54.Rd2 Re1+ 55.Re2 Rb1 56.Kd2 Rd1+ 57.Ke3 Rd3+
58.Kf2 Rf3+ 59.Kg2 Bd3 60.Rf2 e3 61.Rxf3 Be4  0-1

[Event "Acropolis IM Open"]
[Site "Athens GRE"]
[Date "2004.11.24"]
[Round "9"]
[White "Svetushkin,D"]
[Black "Sigalas,F"]
[Result "1-0"]
[WhiteElo "2568"]
[BlackElo "2284"]

1.d4 Nf6 2.c4 e6 3.Nf3 b6 4.Nc3 Bb4 5.Bg5 Bb7 6.Nd2 Bxc3 7.bxc3 h6 8.Bh4 g5
9.Bg3 d6 10.f3 Qe7 11.e4 Nh5 12.Bf2 Nd7 13.g3 f5 14.Bd3 e5 15.Qe2 O-O-O 16.exf5 Rde8
17.O-O Nhf6 18.d5 Qg7 19.Ne4 h5 20.h3 g4 21.fxg4 hxg4 22.h4 Nxe4 23.Bxe4 Nf6
24.Qd3 Kb8 25.Be3 Ref8 26.Rf2 Bc8 27.a4 a5 28.c5 Nxe4 29.Qxe4 dxc5 30.Rb1 Qh7
31.d6 Bxf5 32.dxc7+ Ka7 33.c8=N+  1-0

[Event "Petrosian Mem Open"]
[Site "Yerevan ARM"]
[Date "2004.11.25"]
[Round "7"]
[White "Arutinian,D"]
[Black "Kalashian,D"]
[Result "1-0"]
[WhiteElo "2451"]
[BlackElo "2196"]

1.d4 Nf6 2.c4 e6 3.Nf3 b6 4.Nc3 Bb7 5.Bg5 d5 6.e3 Be7 7.Bd3 O-O 8.Bxf6 Bxf6
9.cxd5 exd5 10.Qc2 h6 11.O-O Nd7 12.Rfd1 a6 13.Qb3 c6 14.Bf5 b5 15.e4 g6
16.Bh3 c5 17.Nxd5 c4 18.Qa3 Bxd5 19.exd5 Nb6 20.d6 Nd5 21.Ne5 Nf4 22.d7 Bxe5
23.dxe5 Qg5 24.Qe3 Nxh3+ 25.Qxh3 Qxe5 26.Rd2 Qe6 27.Qxh6 Rfd8 28.Rd4 Qe5
29.Rad1 Ra7 30.Qd2 Qe6 31.h4 Kg7 32.h5 Rc7 33.hxg6 fxg6 34.Rh4 Qf6 35.Qh6+ Kg8
36.Qh7+ Kf8 37.Qh8+ Qxh8 38.Rxh8+ Ke7 39.Re1+  1-0

[Event "ch-VIE"]
[Site "Ha Long City VIE"]
[Date "2004.11.29"]
[Round "4"]
[White "Tran Ngoc Thach"]
[Black "Bui Vinh"]
[Result "1-0"]
[WhiteElo "2182"]
[BlackElo "2467"]

1.d4 Nf6 2.c4 e6 3.Nf3 b6 4.Nc3 Bb7 5.Qc2 Bb4 6.a3 Bxc3+ 7.Qxc3 O-O 8.g3 d6
9.Bg2 Nbd7 10.O-O Qe7 11.b4 a5 12.Bb2 axb4 13.axb4 Rxa1 14.Rxa1 Ra8 15.Rxa8+ Bxa8
16.Qa3 Qf8 17.Qa7 Qb8 18.Qxb8+ Nxb8 19.d5 e5 20.Nd2 Kf8 21.f4 Nbd7 22.Bf3 Ke7
23.fxe5 Ne8 24.e6 Ndf6 25.exf7 Kxf7 26.e4 Nd7 27.Bg4 Ne5 28.Be6+ Ke7 29.Bxe5 dxe5
30.Nf3 Nd6 31.Nxe5 Nxe4 32.Bf5 Nf6 33.b5 Kd6 34.Ng4 Nxg4 35.Bxg4 Bb7 36.Kf2 Ke5
37.Be6 Kd4 38.h4 h6 39.h5 Ke4 40.g4 Kd4 41.Kg3 Ke4 42.Kf2 Kd3 43.g5 Ke4 44.gxh6 gxh6
45.Ke2 Kd4 46.Kd2 Ba8 47.Kc2 Bb7 48.Kb3 Kd3 49.Kb4 Kd4 50.Kb3 Kc5 51.Kc3 Kd6
52.Bh3 Ke5 53.Kd3 Ba8 54.Bc8 Kd6 55.Kd4 Ke7 56.Ke5 Kd8 57.Be6  1-0

[Event "TCh-SLO"]
[Site "Celje SLO"]
[Date "2004.11.30"]
[Round "2"]
[White "Gombac,Jan"]
[Black "Sakelsek,T"]
[Result "1/2-1/2"]
[WhiteElo "2263"]
[BlackElo "2425"]

1.d4 Nf6 2.Nf3 e6 3.c4 b6 4.Nc3 Bb7 5.Bg5 Be7 6.e3 h6 7.Bh4 d5 8.cxd5 exd5
9.Bxf6 Bxf6 10.Qa4+ c6 11.Bd3 O-O 12.O-O Nd7 13.Bf5 g6 14.Bh3 Bg7 15.Rfe1 Re8
16.Rac1 Nf8 17.b4 Ne6 18.Red1 a6 19.Qb3 Ng5 20.Nxg5 Qxg5 21.a4 Rad8 22.g3 b5
23.Ne2 h5 24.Nf4 h4 25.Re1 Bf8 26.Nd3 Bd6 27.Nc5 Bxc5 28.Rxc5 f5 29.Rec1 Qf6
30.Bg2 Kg7 31.axb5 axb5 32.Ra1 Qe7 33.Rc2 Ra8 34.Ra5 hxg3 35.hxg3 Rxa5 36.bxa5 Ra8
37.Ra2 Kf6 38.f3 Ba6 39.e4 dxe4 40.fxe4 Kg7 41.e5 Bb7 42.a6 Rxa6 43.Rxa6 Bxa6
44.Bxc6 Qc7 45.Qe6 Bb7 46.d5 Bxc6 47.dxc6 Qa7+ 48.Kg2 Qe3 49.Qe7+ Kh6 50.Qh4+ Kg7
51.Qf6+ Kh7 52.Kh3 Qf3 53.Qe7+ Kh6 54.Qf8+ Kh7 55.Qf7+  1/2-1/2

[Event "Open"]
[Site "Porec HUN"]
[Date "2004.12.02"]
[Round "1"]
[White "Ghersinich,G"]
[Black "Fucak,E"]
[Result "0-1"]
[WhiteElo "2007"]
[BlackElo "2318"]

1.d4 Nf6 2.c4 e6 3.Nf3 b6 4.Nc3 Bb4 5.Qb3 c5 6.Bg5 Nc6 7.e3 h6 8.Bh4 Na5
9.Qc2 cxd4 10.Nxd4 O-O 11.a3 Be7 12.Rd1 Bb7 13.b4 Nc6 14.Ndb5 a5 15.Bxf6 Bxf6
16.Nd6 axb4 17.axb4 Nxb4 18.Qb3 Ra3 19.Qxb4 Bxc3+ 20.Qxc3 Rxc3 21.Nxb7 Qa8
22.Nd6 Qa5 23.Ke2 Rc2+ 24.Kf3 Qa2  0-1

[Event "TCh-SLO"]
[Site "Celje SLO"]
[Date "2004.12.03"]
[Round "7"]
[White "Gombac,Jan"]
[Black "Roskar,R"]
[Result "1/2-1/2"]
[WhiteElo "2263"]
[BlackElo "2245"]

1.d4 Nf6 2.Nf3 e6 3.c4 b6 4.Nc3 Bb4 5.Bg5 h6 6.Bh4 Bb7 7.e3 g5 8.Bg3 Ne4
9.Qc2 Bxc3+ 10.bxc3 d6 11.Bd3 f5 12.d5 Nd7 13.Bxe4 fxe4 14.Qxe4 Qf6 15.Qxe6+ Qxe6
16.dxe6 Nc5 17.O-O O-O-O 18.Nd4 Rde8 19.Rfd1 Nxe6 20.Nxe6 Rxe6 21.Rd4 Rhe8
22.h4 Re4 23.hxg5 hxg5 24.Rb1 Bc6  1/2-1/2

[Event "It Chiburdanidze"]
[Site "Tblisi GEO"]
[Date "2004.12.06"]
[Round "4"]
[White "Javakhishvili,L"]
[Black "Melia,S"]
[Result "1-0"]
[WhiteElo "2423"]
[BlackElo "2326"]

1.d4 Nf6 2.c4 e6 3.Nf3 b6 4.Nc3 Bb4 5.Bg5 Bb7 6.Nd2 h6 7.Bh4 Qe7 8.f3 O-O
9.e4 e5 10.a3 Bxc3 11.bxc3 d6 12.Bd3 Nbd7 13.O-O c5 14.d5 g6 15.Re1 Kg7 16.Nf1 Rh8
17.Ne3 Kf8 18.Bc2 Ke8 19.Ba4 Bc8 20.Bc6 Rb8 21.Qa4 a5 22.Rab1 Kf8 23.Rb2 Kg7
24.Reb1 Qd8 25.Qc2 g5 26.Bf2 Nf8 27.Rb5 Ba6 28.R5b3 Qc7 29.g3 N6d7 30.Qe2 Kh7
31.Kg2 Bc8 32.Rh1 Ng6 33.Nf5 Ndf8 34.h4 gxh4 35.Qd2 Bxf5 36.exf5 Ne7 37.Rxh4 Kg7
38.Rh5 Nxc6 39.dxc6 Qxc6 40.Rb1 e4 41.Rbh1 exf3+ 42.Kg1 f6 43.Rxh6 Rxh6 44.Qxh6+ Kf7
45.Rh4 Nd7 46.Qh7+ Ke8 47.Qg8+  1-0

[Event "FSGM December"]
[Site "Budapest HUN"]
[Date "2004.12.10"]
[Round "7"]
[White "Berczes,D"]
[Black "Farago,I"]
[Result "1/2-1/2"]
[WhiteElo "2321"]
[BlackElo "2455"]

1.d4 Nf6 2.c4 e6 3.Nf3 b6 4.Nc3 Bb7 5.a3 d5 6.cxd5 Nxd5 7.Qc2 Nxc3 8.bxc3 Be7
9.e4 O-O 10.Bd3 c5  1/2-1/2